000 00788nam a2200229Ii 4500
003 JO-AjNU
008 230605s9999||||xx |||||||||||||| ||und||
017 _a8727
020 _a977-04-1462-X
040 _aJO-AjNU
_bara
_erda
_cJO-AjNU
041 _aara
050 1 4 _aJX1245.A2822.2010
100 3 _a أبو الوفا ، أحمد ،2010,
_eauthor
_932437
245 0 0 _aالوسيط في القانون الدولى العام
250 _aط5
264 3 1 _aالقاهرة : دار النهضة العربية ، 2010
300 _a938ص
336 _atext
_btxt
_2rdacontent
337 _aunmediated
_bn
_2rdamedia
338 _avolume
_bnc
_2rdacarrier
650 4 _aالقانون الدولي العام -- حقوق الانسان -- المنظمات الدولية
_932438
999 _aA13095
_c16663
_d16663